LEADER 03247nam0 22004933i 450 001 BVEE045268 005 20170908093224.0 012 $an-a- u-ad t.m- tuve (7) 1626 (R)$2fei 100 $a20110314d1626 ||||0itac50 ba 101 | $alat 102 $abe 181 1$6z01$ai $bxxxe 182 1$6z01$an 200 1 $aObsidio Bredana armis Philippi 4. auspiciis Isabellae ductu Ambr. Spinolae perfecta. Scribeat hermannus Hugo Societatis Iesu 210 $aAntuerpiae$cex officina Plantiniana$d1626$eAntuerpiae$gex officina Plantiniana$gBalthasaris Moreti$h1626 215 $a\8!, 128, \4! p., \7! c. di tav. doppie$cill. calcogr., front.$d2º 300 $aMarca non controllata (Compasso: Labore et constantia) in fine 300 $aSegn.: A-Q⁴ R⁶. 316 $a1 v. (legatura Farnese. - Mutilo del frontespizio. - Timbro RB a c. A2r.)$5IT-NA0079, SALA FARN.55. F 15 316 $a1 v.$5IT-NA0070, A 068 03 317 $aPossessore: Farnese . $5IT-NA0079 SALA FARN. 55. F 15 317 $aProvenienza: Taccone, Francesco. Ex libris all’interno del piatto ant.$5IT-NA0070 A 068 03 620 $aBE$dAnversa$3UBOL000154 700 1$aHugo$b, Herman$f <1588-1629>$3BVEV032987$4070$0214820 702 0$aFarnese$c $3NAPP000033$4390$5IT-NA0079 SALA FARN. 55. F 15 702 1$aTaccone$b, Francesco$3NAPP000122$4320$5IT-NA0070 A 068 03 712 02$aOfficina Plantiniana$c $3BVEV018026$4650 712 02$aMoretus, Balthasar$d <1.>$3TO0V261367$4650 790 1$aHugone$b, Hermanno$3BVEV077158$zHugo, Herman <1588-1629> 791 02$aPlantiinsche Druckeriie$c $3BVEV098550$zOfficina Plantiniana 791 02$aImprimerie plantinienne$c $3SBNV005219$zOfficina Plantiniana 791 02$aTypographia Plantiniana$c $3UBOV397367$zOfficina Plantiniana 791 02$aMourentorf, Balthasar$3TO0V261440$zMoretus, Balthasar <1.> 801 3$aIT$bIT-NA0079$c20110314 850 $aIT-NA0079$aIT-NA0070 899 1$aBiblioteca Nazionale Vittorio Emanuele III$bNA0079$41 esemplare$eS$nMutilo del frontespizio$qS$uhttp://books.google.com/books?vid=IBNN:BNA01001474240 912 $aBVEE045268 921 $aSBNM000001$bMarca non controllata$cS2$dIn fine 950 0$aBiblioteca Nazionale Vittorio Emanuele III$c1 v.$d BNSALA FARN.55. F 15$e BNA010014742405G B 1 v. (legatura Farnese. - Mutilo del frontespizio. - Timbro RB a c. A2r.)$fC $h20130517$i20130517$lLegatura Farnese$mCaratteristiche materiali$lMutilo del frontespizio$mImperfezioni$lTimbro RB a c. A2r.$mTimbri storici della biblioteca proprietaria 950 0$aBiblioteca Universitaria$c1 esemplare$d BUA 068 03$e BUSI 0000202965 B 1 v.$fZ $h20110314$i20110314 956 $aBiblioteca Nazionale Vittorio Emanuele III$b1$c $d $eBNA01001474240$uhttp://books.google.com/books?vid=IBNN:BNA01001474240$z BNSALA FARN.55. F 15 977 $a BN$a BU 996 $aObsidio Bredana armis Philippi 4. auspiciis Isabellae ductu Ambr. Spinolae perfecta. Scribeat hermannus Hugo Societatis Iesu$91481713 997 $aUNISANNIO LEADER 02967nam 2200685Ia 450 001 9910778577903321 005 20230721023019.0 010 $a1-282-31908-6 010 $a9786612319082 010 $a1-60623-333-5 035 $a(CKB)1000000000804213 035 $a(EBL)460405 035 $a(OCoLC)466449852 035 $a(SSID)ssj0000291400 035 $a(PQKBManifestationID)12040680 035 $a(PQKBTitleCode)TC0000291400 035 $a(PQKBWorkID)10249347 035 $a(PQKB)11782981 035 $a(MiAaPQ)EBC460405 035 $a(Au-PeEL)EBL460405 035 $a(CaPaEBR)ebr10333667 035 $a(CaONFJC)MIL231908 035 $a(EXLCZ)991000000000804213 100 $a20090512d2009 uy 0 101 0 $aeng 135 $aur|n|---||||| 181 $ctxt 182 $cc 183 $acr 200 00$aChildren as victims, witnesses, and offenders$b[electronic resource] $epsychological science and the law /$fedited by Bette L. Bottoms, Cynthia J. Najdowski, and Gail S. Goodman 210 $aNew York $cGuilford Press$dc2009 215 $a1 online resource (432 p.) 300 $aDescription based upon print version of record. 311 $a1-60623-332-7 320 $aIncludes bibliographical references and index. 327 $aFront matter; Contents; Chapter 1; Chapter 2; Chapter 3; Chapter 4; Chapter 5; Chapter 6; Chapter 7; Chapter 8; Chapter 9; Chapter 10; Chapter 11; Chapter 12; Chapter 13; Chapter 14; Chapter 15; Chapter 16; Chapter 17; Chapter 18; Chapter 19; Chapter 20; index 330 $a Grounded in the latest clinical and developmental knowledge, this book brings together leading authorities to examine the critical issues that arise when children and adolescents become involved in the justice system. Chapters explore young people's capacities, competencies, and special vulnerabilities as victims, witnesses, and defendants. Key topics include the reliability of children's abuse disclosures, eyewitness testimony, interviews, and confessions; the evolving role of the expert witness; the psychological impact of trauma and of legal involvement; facto 606 $aChildren$xCrimes against 606 $aChild witnesses 606 $aJuvenile delinquents 606 $aChildren$xLegal status, laws, etc 606 $aForensic psychology 606 $aCriminal investigation 615 0$aChildren$xCrimes against. 615 0$aChild witnesses. 615 0$aJuvenile delinquents. 615 0$aChildren$xLegal status, laws, etc. 615 0$aForensic psychology. 615 0$aCriminal investigation. 676 $a362.88083 701 $aBottoms$b Bette L$01551623 701 $aNajdowski$b Cynthia J$01570221 701 $aGoodman$b Gail S$01551624 801 0$bMiAaPQ 801 1$bMiAaPQ 801 2$bMiAaPQ 906 $aBOOK 912 $a9910778577903321 996 $aChildren as victims, witnesses, and offenders$93843705 997 $aUNINA